| 000 | 01016nam a2200277 i 4500 | ||
|---|---|---|---|
| 001 | 000046646 | ||
| 003 | DO-SdBNP | ||
| 005 | 20230509120845.0 | ||
| 007 | ta | ||
| 008 | 180315s1997 dr 000 0 spa d | ||
| 040 |
_aDO-SdBNP _bspa _cBNPHU _erda |
||
| 082 |
_axxxx _bR426L _222 |
||
| 110 | 1 |
_aRepública Dominicana.[Leyes, Etc.] _9447 |
|
| 240 | 1 | 0 | _a[Leyes, etc.] |
| 245 | 1 | 0 | _aLey No. 97-97, que modifica el articulo 177 del código de trabajo de la República Dominicana, del 30 de mayo de 1997 |
| 260 |
_bDalis, _c[s.f.]. |
||
| 264 |
_aSanto Domingo : _b[sin nombre], _c1997 |
||
| 300 |
_a8 paginas. ; _c22 cm. |
||
| 336 |
_2rdacontent _atexto _btxt |
||
| 337 |
_2rdamedia _asin mediación _bn |
||
| 338 |
_2rdacarrier _avolumen _bnc |
||
| 500 | _aLey No. 379 que establece un nuevo régimen de jubilaciones y pensiones del Estado dominicano para los funcionarios y empleados públicos del 15 de diciembre de 1981 G.O. No. 9570 | ||
| 590 | _aInventariado, 2023 / DG | ||
| 910 | _aDG | ||
| 942 |
_2ddc _cLF2 |
||
| 999 |
_c53457 _d53457 |
||